000 00833cam a2200229 4500
001 ##L132978
008 060329n2006 000 0 eng u
020 _a1860819052
035 _a(Sirsi) u132978
041 0 _aeng
050 0 4 _a729.28 $2 18
100 1 _aLittlefair, P.
245 0 0 _aSelecting lighting controls
260 _aWatford
_bBRE
_c2006
300 _a8p.
_bill.
_c30p.
490 0 _aBRE Digest
_v498
520 _aSets out ways of taking into account the type of space, how it is used and the amount of daylight when choosing lighting controls. Also describes the more usual types of control and how to assess energy savings.
590 _aIKA190906
651 4 _aUnited Kingdom
_y
690 _aBUILT ENVIRONMENT-BUILDING ELEMENTS-COMPLETE BUILDING SERVICES ELEMENTS-COMPLETE LIGHTING SYSTEMS
942 _n0
999 _c105295
_d105295